ბათუმის შოთა რუსთაველის სახელმწიფო უნივერსიტეტის ბიბლიოთეკა

კონსტრუქციული აგროჟურნალისტიკა = Constructive agricultural journalism = Конструктивная агрожурналистика : (ბიბ.ჩანაწერი № 60618)

000 -ლიდერი
ფიქსირებული სიგრძის საკონტროლო ველი 02606nam a22002537a 4500
003 - საკონტროლო ნომრის იდენტიფიკატორი
საკონტროლო ველი Ge_BSU
005 - ბოლო ოპერაციის თარიღი და დრო
საკონტროლო ველი 20230922103441.0
008 - ფიქსირებული სიგრძის მონაცემთა ელემენტები - ზოგადი ინფორმაცია
ფიქსირებული სიგრძის საკონტროლო ველი 230922s2018 ge ||||| |||| 00| 0 geo d
020 ## - წიგნის საერთაშორისო სტანდარტული ნომერი
International Standard Book Number 9789941264283
041 ## - ენის კოდი
Language code of text/sound track or separate title geo
080 ## - უნივერსალური ათობითი კლასიფიკაციის ინდექსი
Universal Decimal Classification number 070:63(075.8) კ-91
100 ## - მთავარი ჩანაწერი - პიროვნების სახელი
Personal name კუპრაშვილი, ნათია
9 (RLIN) 19876
245 ## - ცნობა სათაურის შესახებ
Title კონსტრუქციული აგროჟურნალისტიკა = Constructive agricultural journalism = Конструктивная агрожурналистика :
Remainder of title [სახელმძღვანელო] /
Statement of responsibility, etc გამოცემის ავტორები: ნათია კუპრაშვილი, ნინო ჭალაგანიძე ; გამოცემის რედაქტორი ჰეზერ ბრიქსი ; თარგმანი: იანა ისრაელიანი, ოლგა დოროხინა, გიორგი რუხაძე ; გამოცემაზე პასუხისმგებელი ნუგზარ სუარიძე ; დიზაინი გიორგი გოგოხია ; ჟურნალისტიკის რესურსცენტრი, კავკასიის საერთაშორისო უნივერსიტეტი.
264 ## - წარმოების, გამოცემის, დისტრიბუციის და სხვა ცნობები
გამოცემის, წარმოების, დისტრიბუციის... ადგილი თბილისი :
გამოცემის, წარმოების, დისტრიბუციის... სახელწოდება უნივერსალი,
გამოცემის, წარმოების, დისტრიბუციის... თარიღი 2018.
300 ## - ფიზიკური აღწერა
Extent 292 გვ. :
Other physical details ილ. ;
Dimensions 20 სმ.
500 ## - ზოგადი შენიშვნა
General note ყდა და ტექსტი ქართულ, რუსულ და ინგლისურ ენებზე.
501 ## - შენიშვნა თანმხლებ მასალაზე
With note სახელმძღვანელო მომზადდა კავკასიის საერთაშორისო უნივერსიტეტთან თანამშრომლობით, შვეიცარიის განვითარებისა და თანამშრომლობის სააგენტოს მხარდაჭერით.
ყდაზე ავტორები მითითებულები არ არიან.
653 ## - INDEX TERM--UNCONTROLLED
Uncontrolled term აგროჟურნალისტიკა
700 ## - ADDED ENTRY--PERSONAL NAME
Personal name ჭალაგანიძე, ნინო
Relator term ავტორი
9 (RLIN) 19877
700 ## - ADDED ENTRY--PERSONAL NAME
Personal name ბრიქსი, ჰეზერ
Relator term რედაქტორი.
9 (RLIN) 19878
700 ## - ADDED ENTRY--PERSONAL NAME
Personal name ისრაელიანი, იანა და სხვ.
Relator term მთარგმნელი
9 (RLIN) 19879
700 ## - ADDED ENTRY--PERSONAL NAME
Personal name გოგოხია, გიორგი
Relator term დიზაინერი
9 (RLIN) 19880
942 ## - ADDED ENTRY ELEMENTS (KOHA)
Source of classification or shelving scheme
Koha item type წიგნი
ეგზემპლარები
ჩამოწერის სტატუსი დაკარგული ეგზემპლარის სტატუსი კლასიფიკაციის წყარო ან თაროზე გაწყობის სქემა დაზიანების სტატუსი არ გაიცემა მუდმივი მდებარეობა (დაცვის ადგილი) ამჟამინდელი ადგილსამყოფელი თაროზე განთავსების ადგილი შეძენის თარიღი ღირებულება, შესყიდვის ნორმალური ფასი სრული შენახვის შიფრი შტრიხკოდი ბოლო ოპერაციის თარიღი ეგზემპლარის მიმდევრობითი ნომერი (კეტერი?) Uniform Resource Identifier ფასის ძალაში შესვლის თარიღი ეგზემპლარის სახეობა საჯარო შენიშვნა
          ბათუმის შოთა რუსთაველის სახელმწიფო უნივერსიტეტის მთავარი ბიბლიოთეკა ბათუმის შოთა რუსთაველის სახელმწიფო უნივერსიტეტის მთავარი ბიბლიოთეკა წიგნსაცავი 2023-09-22 10.00 070:63(075.8) კ-91 29752 2023-09-22 29752 ნაჩუქარი 2023-09-22 წიგნი 10 ლ.